Biggest Cities in Costa Rica - Statistics

General Stats
  • This quiz has been taken 409 times
    406 since last reset
  • The average score is 3 of 10
Answer Stats
Population City % Correct
335,007 San José
99%
47,494 Alajuela
54%
45,380 Liberia
50%
35,650 Puntarenas
37%
63,081 Puerto Limón
15%
34,877 San Isidro
14%
34,586 Curridabat
9%
39,702 Paraíso
6%
55,923 San Francisco
6%
34,447 San Vicente de Moravia
2%
No matching quizzes found
Score Distribution
Percent of People with Each Score
Percentile by Number Answered
Your Score History
You have not taken this quiz since the last reset